Bohemian Brigade ; Civil War newsmen in action.

Bibliographic Details
Main Author: Starr, Louis Morris, 1917-1980
Format: Book
Language:English
Published: New York : Knopf, 1954.
Edition:[1st ed.].
Subjects:

MARC

Tag First Indicator Second Indicator Subfields
LEADER 00000cam a2200000 4500
001 in00000053717
005 20151008050333.0
008 750519s1954 nyu b 00000 eng u
010 |a  54007214  
035 |a (OCoLC)01342688 
035 |9 AAG0521AM 
040 |c ORL  |d TXA  |d UtOrBLW 
049 |a TXAM  |c 1 [239834], 2 [A08348962] 
050 0 0 |a E609  |b .S8 
082 0 |a 071 
090 |a E609  |b .S8 1954 
092 |a 071  |b S796b 
100 1 |a Starr, Louis Morris,  |d 1917-1980. 
245 1 0 |a Bohemian Brigade ;  |b Civil War newsmen in action. 
250 |a [1st ed.]. 
264 1 |a New York :  |b Knopf,  |c 1954. 
300 |a xvii, 367, xix pages :  |b illustrations, portraits, map. ;  |c 22 cm. 
336 |a text  |b txt  |2 rdacontent 
337 |a unmediated  |b n  |2 rdamedia 
338 |a volume  |b nc  |2 rdacarrier 
504 |a Bibliography: pages 361-367. 
650 0 |a Reporters and reporting. 
651 0 |a United States  |x History  |y Civil War, 1861-1865  |x Journalists. 
999 |a MARS 
999 f f |s 4228eaf5-e561-3fa2-bf2e-153c59342fe6  |i ab73bc55-54b9-3d7d-abc3-9ef58a6b230f  |t 0 
952 f f |p ric  |a Texas A&M University  |b Rellis Campus  |c Joint Library Facility  |d Remote Storage  |t 0  |e E609 .S8 1954  |h Library of Congress classification  |i unmediated -- volume  |m A14800502245 
998 f f |a E609 .S8 1954  |t 0  |l Remote Storage